Neonatal Nursing (Record no. 369242)

MARC details
000 -LEADER
fixed length control field 00513nam a2200193 4500
005 - DATE AND TIME OF LATEST TRANSACTION
control field 20251202123508.0
008 - FIXED-LENGTH DATA ELEMENTS--GENERAL INFORMATION
fixed length control field 251202b |||||||| |||| 00| 0 eng d
020 ## - INTERNATIONAL STANDARD BOOK NUMBER
International Standard Book Number 978-81-8191-551-1
041 ## - LANGUAGE CODE
Language code of text/sound track or separate title eng
082 ## - DEWEY DECIMAL CLASSIFICATION NUMBER
Edition number 1st ed.
Classification number P 610.7362 PRE B11898
100 ## - MAIN ENTRY--PERSONAL NAME
Author Premaletha T.
245 ## - TITLE STATEMENT
Title Neonatal Nursing
250 ## - EDITION STATEMENT
Edition statement 1st ed.
260 ## - PUBLICATION, DISTRIBUTION, ETC.
Place of publication, distribution, etc. New Delhi
Name of publisher, distributor, etc. Paras Medical Publisher
Date of publication, distribution, etc. 2023
300 ## - PHYSICAL DESCRIPTION
Extent 444p
Other physical details pb
Dimensions 21.5x14cm
365 ## - TRADE PRICE
Price type code Rupaye
Price amount 775
Currency code INR
521 ## - TARGET AUDIENCE NOTE
Target audience note Neonatal Nursing
942 ## - ADDED ENTRY ELEMENTS (KOHA)
Koha item type Books
Holdings
Withdrawn status Lost status Source of classification or shelving scheme Damaged status Not for loan Collection code Home library Current library Date acquired Vendor Net Price Bill number Total Checkouts Full call number Barcode Date last seen Discount Actual Price Bill Date Koha item type Original Barcode
    Dewey Decimal Classification   Reference Reference Smt. Bakul Tambat Institute of Nursing Education Smt. Bakul Tambat Institute of Nursing Education 18/11/2025 Patil Medical Book 542.50 2026   P 610.7362 PRE B11898 BTIN-BK-11898 02/12/2025 30% 775.00 29/10/2025 Books BTIN-BK-11898
    Dewey Decimal Classification     Non-fiction Smt. Bakul Tambat Institute of Nursing Education Smt. Bakul Tambat Institute of Nursing Education 18/11/2025 Patil Medical Book 542.50 2026   P 610.7362 PRE B11899 BTIN-BK-11899 02/12/2025 30% 775.00 29/10/2025 Books BTIN-BK-11899